[Event "XI. Solinger Karnevals-Open"]
[Site "Solingen"]
[Date "2020.02.21"]
[Round "1.28"]
[White "Rewig, Adrian"]
[Black "Höfer, Severin Paul"]
[Result "0-1"]
[WhiteElo "1414"]
[BlackElo "1929"]
[PlyCount "104"]
[EventDate "2020.02.21"]
[EventType "swiss"]
[EventRounds "5"]
[EventCountry "GER"]
[Tiebreak "Buchholz+Sum of Buchholz"]

1. e4 e5 2. Nf3 Nc6 3. Bb5 a6 4. Ba4 Nf6 5. O-O Be7 6. Re1 b5 7. Bb3 d6 8. c3
O-O 9. h3 Nb8 10. d4 Nbd7 11. Nbd2 Bb7 12. Bc2 Re8 13. Nf1 Bf8 14. Ng3 g6 15.
a4 c5 16. d5 c4 17. Bg5 Nc5 18. Qd2 Bg7 19. Ra3 Qc7 20. Bh6 Qe7 21. Bxg7 Kxg7
22. Qg5 Kh8 23. Qd2 Nfd7 24. Nh2 Nb6 25. a5 Nba4 26. Bxa4 Nxa4 27. b3 cxb3 28.
Rxb3 Rac8 29. Re3 Qg5 30. Nf3 Qd8 31. c4 Rxc4 32. Re1 Qe7 33. Qh6 Qf8 34. Qg5
f6 35. Qe3 Nc5 36. Rb2 f5 37. Nd2 f4 38. Qf3 Rd4 39. Ne2 Rd3 40. Qg4 Bc8 41.
Qh4 Qe7 42. Qxe7 Rxe7 43. Ra1 Kg7 44. f3 Kf6 45. Nc1 Rd4 46. Ne2 Ra4 47. Rxa4
Nxa4 48. Rc2 Nc5 49. Nc1 Rc7 50. Ndb3 Ne6 51. Rc6 Rxc6 52. dxc6 Nd8 0-1

[Event "XI. Solinger Karnevals-Open"]
[Site "Solingen"]
[Date "2020.02.21"]
[Round "1.29"]
[White "Martino-Groß, Peter"]
[Black "Schüller, Reinhard"]
[Result "1-0"]
[WhiteElo "1923"]
[BlackElo "1406"]
[PlyCount "79"]
[EventDate "2020.02.21"]
[EventType "swiss"]
[EventRounds "5"]
[EventCountry "GER"]
[Tiebreak "Buchholz+Sum of Buchholz"]

1. Nf3 Nf6 2. c4 d5 3. g3 Nc6 4. Bg2 e5 5. cxd5 Nxd5 6. O-O h6 7. d3 Be6 8. Nc3
Nxc3 9. bxc3 Bd6 10. Rb1 Rb8 11. Nd2 O-O 12. Qc2 Qd7 13. Ne4 Be7 14. Be3 Bh3
15. Bh1 f5 16. Nc5 Bxc5 17. Bxc5 Rf7 18. Rfe1 Kh8 19. Qa4 Re8 20. Rxb7 e4 21.
dxe4 fxe4 22. Rd1 Qe6 23. Qb3 Qf5 24. Qa3 Ne5 25. Qa4 Nd7 26. Be3 Nf6 27. Rb5
Qe6 28. Qb3 Rd7 29. Rxd7 Qxd7 30. Rb8 Rxb8 31. Qxb8+ Kh7 32. Qb1 Qd5 33. Bd4
Bf5 34. Qb3 a6 35. Bxf6 Qxb3 36. axb3 gxf6 37. b4 c6 38. f4 Bg6 39. Kf2 f5 40.
Ke3 1-0

[Event "XI. Solinger Karnevals-Open"]
[Site "Solingen"]
[Date "2020.02.21"]
[Round "1.30"]
[White "Germund, Marlon"]
[Black "Kuhn, Andreas"]
[Result "1/2-1/2"]
[WhiteElo "1404"]
[BlackElo "1922"]
[PlyCount "104"]
[EventDate "2020.02.21"]
[EventType "swiss"]
[EventRounds "5"]
[EventCountry "GER"]
[Tiebreak "Buchholz+Sum of Buchholz"]

1. e4 d6 2. d4 Nf6 3. Nc3 Nbd7 4. Be3 e5 5. Be2 c6 6. dxe5 dxe5 7. Nf3 Bb4 8.
Bd3 O-O 9. O-O Qe7 10. Ne2 Nc5 11. Bxc5 Bxc5 12. Ng3 Bg4 13. h3 Bd7 14. Qe2
Rad8 15. Bc4 b5 16. Bb3 Bc8 17. Rfd1 Bb6 18. a4 a6 19. axb5 cxb5 20. c3 g6 21.
Rxd8 Rxd8 22. Rd1 Rxd1+ 23. Qxd1 Qc5 24. Qe2 h6 25. Ne1 Kg7 26. Nd3 Qc7 27. Nb4
Bb7 28. Nd5 Nxd5 29. Bxd5 Bxd5 30. exd5 Qd6 31. c4 bxc4 32. Qxc4 f5 33. Kf1 Qc5
34. Qxc5 Bxc5 35. f3 Kf6 36. Ke2 Bd4 37. b3 Ke7 38. Kd3 Kd6 39. Kc4 Be3 40. Ne2
{(=)} Bd2 41. Kd3 Bb4 42. Kc4 Be1 43. Nc1 Bd2 44. Ne2 a5 45. Kd3 Be1 46. Kc4
Bb4 47. Nc1 e4 48. fxe4 fxe4 49. Kd4 Bd2 50. Ne2 e3 51. Ng3 Bc1 52. Ne2 Bd2
1/2-1/2

[Event "XI. Solinger Karnevals-Open"]
[Site "Solingen"]
[Date "2020.02.21"]
[Round "1.31"]
[White "Vranidis, Georgios"]
[Black "Jorke, Roland"]
[Result "1-0"]
[WhiteElo "1914"]
[BlackElo "1388"]
[PlyCount "69"]
[EventDate "2020.02.21"]
[EventType "swiss"]
[EventRounds "5"]
[EventCountry "GER"]
[Tiebreak "Buchholz+Sum of Buchholz"]

1. e4 d5 2. exd5 Qxd5 3. Nc3 Qa5 4. d4 Nf6 5. Nf3 c6 6. Be2 e6 7. O-O Be7 8.
Bd2 Qd8 9. Bd3 Nbd7 10. Ne2 Nb6 11. Ba5 Qd5 12. Bxb6 axb6 13. c4 Qd8 14. Qc2 h6
15. a3 c5 16. Rad1 Bd7 17. dxc5 bxc5 18. Ne5 Bd6 19. Nxd7 Qxd7 20. Nc3 Qe7 21.
Nb5 O-O 22. Nxd6 Qc7 23. Ne4 Ng4 24. Ng3 Nf6 25. h3 Rfe8 26. Ne4 Nd7 27. Nd6
Rf8 28. Be4 Rab8 29. Nb5 Qc8 30. Rd6 Nf6 31. Bf3 Ne8 32. Rd2 Nf6 33. Rfd1 Qe8
34. Qc3 Nd7 35. Rxd7 1-0

[Event "XI. Solinger Karnevals-Open"]
[Site "Solingen"]
[Date "2020.02.21"]
[Round "1.32"]
[White "Schneider, Ferdinand"]
[Black "Paulus, Jeffrey"]
[Result "0-1"]
[WhiteElo "1347"]
[BlackElo "1904"]
[PlyCount "70"]
[EventDate "2020.02.21"]
[EventType "swiss"]
[EventRounds "5"]
[EventCountry "GER"]
[Tiebreak "Buchholz+Sum of Buchholz"]

1. e4 c5 2. c3 Nf6 3. e5 Nd5 4. d4 cxd4 5. Nf3 Nc6 6. cxd4 d6 7. Nc3 Nxc3 8.
bxc3 dxe5 9. d5 e4 10. Nd2 Qxd5 11. Bc4 Qe5 12. Qc2 e3 13. Ne4 exf2+ 14. Kxf2
f5 15. Nd2 Qf4+ 16. Ke1 e6 17. Qb3 Bc5 18. Nf3 Qd6 19. Qd1 O-O 20. Qxd6 Bxd6
21. Kd2 Na5 22. Bb3 Nxb3+ 23. axb3 e5 24. Ba3 Rd8 25. Ke2 e4 26. Nd4 f4 27.
Rhf1 Bg4+ 28. Ke1 Be5 29. Bb2 a6 30. Ra5 b5 31. h3 Bh5 32. Kd2 Bc7 33. Raa1 b4
34. Kc2 bxc3 35. Bxc3 Be5 0-1

[Event "XI. Solinger Karnevals-Open"]
[Site "Solingen"]
[Date "2020.02.21"]
[Round "1.33"]
[White "Reinhard, Ralf-Peter"]
[Black "Gülcan, Batuhan Ege"]
[Result "1-0"]
[WhiteElo "1899"]
[BlackElo "1338"]
[PlyCount "77"]
[EventDate "2020.02.21"]
[EventType "swiss"]
[EventRounds "5"]
[EventCountry "GER"]
[Tiebreak "Buchholz+Sum of Buchholz"]

1. d4 d5 2. Nf3 Nf6 3. b3 g6 4. Bb2 Bg7 5. e3 Bf5 6. Be2 O-O 7. O-O Nbd7 8. c4
c6 9. Nc3 e6 10. Nh4 Kh8 11. Nxf5 gxf5 12. cxd5 cxd5 13. Rc1 Rg8 14. f4 Bh6 15.
Bf3 Rg6 16. Rc2 Qg8 17. Ba3 Qg7 18. Bd6 Rg8 19. Be5 Nxe5 20. dxe5 Ne4 21. Bxe4
fxe4 22. Rff2 f5 23. Nb5 a6 24. Nd4 Qf7 25. Qc1 Qe8 {(=)} 26. Rc7 R6g7 27. Rfc2
b5 28. Rxg7 Bxg7 29. Rc6 Qa8 30. Nxe6 Qa7 31. Rc7 Qb6 32. Nd4 Rf8 33. Rc8 Qa5
34. Rc2 Qd8 {(=)} 35. Ne6 Qa5 36. Nxf8 Bxf8 37. Qd2 Qxd2 38. Rxd2 Bc5 39. Kf2
1-0

[Event "XI. Solinger Karnevals-Open"]
[Site "Solingen"]
[Date "2020.02.21"]
[Round "1.34"]
[White "Fetahovic, Sarah"]
[Black "Altok, Mesut"]
[Result "0-1"]
[WhiteElo "1197"]
[BlackElo "1885"]
[PlyCount "66"]
[EventDate "2020.02.21"]
[EventType "swiss"]
[EventRounds "5"]
[EventCountry "GER"]
[Tiebreak "Buchholz+Sum of Buchholz"]

1. e4 d6 2. d4 Nd7 3. Nf3 e5 4. d5 g6 5. Nc3 Nh6 6. Nb5 a6 7. Na3 Bg7 8. c4 O-O
9. Be2 Nc5 10. Qc2 f5 11. Ng5 f4 12. Ne6 Nxe6 13. dxe6 Bxe6 14. O-O Qe7 15. f3
g5 16. h3 Kh8 17. Bd2 Rf6 18. Rf2 Nf7 19. Qa4 Rg8 20. Qa5 h5 21. b4 g4 22. fxg4
hxg4 23. Bxg4 Bxg4 24. hxg4 Rh6 25. g3 fxg3 26. Rg2 Rh3 27. Be1 Bh6 28. Bxg3
Rxg4 29. Bf2 Qg5 30. Rxg4 Qxg4+ 31. Kf1 Rh1+ 32. Bg1 Qxg1+ 33. Ke2 Qe3# 0-1

[Event "XI. Solinger Karnevals-Open"]
[Site "Solingen"]
[Date "2020.02.21"]
[Round "1.35"]
[White "Sondermann, Dirk"]
[Black "Mermertas, Uzay Sükrü"]
[Result "1-0"]
[WhiteElo "1883"]
[BlackElo "1169"]
[PlyCount "59"]
[EventDate "2020.02.21"]
[EventType "swiss"]
[EventRounds "5"]
[EventCountry "GER"]
[Tiebreak "Buchholz+Sum of Buchholz"]

1. d4 Nf6 2. Nf3 b6 3. c4 Bb7 4. Nc3 e6 5. e3 d5 6. cxd5 Bxd5 7. Bb5+ c6 8. Bd3
Bb4 9. O-O Bxc3 10. bxc3 c5 11. Ba3 Qd6 12. dxc5 bxc5 13. Bb5+ Nbd7 14. c4 Qb8
15. Bxd7+ Nxd7 16. cxd5 O-O 17. dxe6 Ne5 18. e7 Rc8 19. Rc1 Ng4 20. Rxc5 Rxc5
21. Bxc5 g5 22. Qd5 h6 23. Rd1 Qe8 24. Qxa8 Qxa8 25. Rd8+ Qxd8 26. exd8=Q+ Kg7
27. h3 Nf6 28. Bd4 Kg6 29. Qxf6+ Kh5 30. g4# 1-0

[Event "XI. Solinger Karnevals-Open"]
[Site "Solingen"]
[Date "2020.02.21"]
[Round "1.36"]
[White "Gülcan, Bartu Atilla"]
[Black "El Mali, Anas"]
[Result "0-1"]
[WhiteElo "1101"]
[BlackElo "1865"]
[PlyCount "64"]
[EventDate "2020.02.21"]
[EventType "swiss"]
[EventRounds "5"]
[EventCountry "GER"]
[Tiebreak "Buchholz+Sum of Buchholz"]

1. e4 d6 2. Nf3 Nf6 3. Nc3 g6 4. d4 a6 5. Bc4 b5 6. Bb3 b4 7. Nd5 Nxe4 8. Nxb4
Nf6 9. Bg5 Bg7 10. O-O a5 11. Nd5 O-O 12. Bxf6 exf6 13. Re1 Be6 14. Nf4 Bd7 15.
c3 a4 16. Bd5 c6 17. Bc4 a3 18. Qb3 d5 19. Bd3 Qc7 20. g3 Bg4 21. Kg2 g5 22. h3
Bxf3+ 23. Kxf3 gxf4 24. gxf4 axb2 25. Qxb2 Nd7 26. Rac1 Rfe8 27. Rxe8+ Rxe8 28.
c4 Nb6 29. cxd5 Nxd5 30. Be4 Qxf4+ 31. Kg2 Qxe4+ 32. Kf1 Qh1# 0-1

[Event "XI. Solinger Karnevals-Open"]
[Site "Solingen"]
[Date "2020.02.21"]
[Round "1.37"]
[White "Riyadh, Ghassan"]
[Black "Gülcan, Gamze Alara"]
[Result "1-0"]
[WhiteElo "1846"]
[BlackElo "786"]
[PlyCount "81"]
[EventDate "2020.02.21"]
[EventType "swiss"]
[EventRounds "5"]
[EventCountry "GER"]
[Tiebreak "Buchholz+Sum of Buchholz"]

1. c4 e5 2. e3 Nf6 3. d4 Ne4 4. dxe5 Bb4+ 5. Bd2 Nc6 6. Bxb4 Nxb4 7. Nd2 Nd3+
8. Bxd3 Nc5 9. Bc2 Qe7 10. Ngf3 d6 11. exd6 Qxd6 12. Nb3 Qb6 13. Nxc5 Qxc5 14.
Qd4 Qb4+ 15. Qc3 Qxc3+ 16. bxc3 Be6 17. Bb3 O-O-O 18. O-O h5 19. Rfd1 Rxd1+ 20.
Rxd1 f6 21. c5 Bd7 22. Nd4 c6 23. Be6 Bxe6 24. Nxe6 g5 25. h3 Re8 26. Rd6 f5
27. Nxg5 Rg8 28. Ne6 h4 29. Kh2 Re8 30. g3 hxg3+ 31. fxg3 b6 32. cxb6 axb6 33.
Rxc6+ Kb7 34. Rd6 Rc8 35. Rd3 Ka6 36. Nd4 Rf8 37. h4 b5 38. Nc6 Kb6 39. Nb4 Ka5
40. Rd6 Re8 41. Ra6# 1-0

[Event "XI. Solinger Karnevals-Open"]
[Site "Solingen"]
[Date "2020.02.22"]
[Round "2.1"]
[White "Prieb, Robert"]
[Black "Popov, Mikhail"]
[Result "0-1"]
[WhiteElo "1975"]
[BlackElo "2421"]
[PlyCount "50"]
[EventDate "2020.02.21"]
[EventType "swiss"]
[EventRounds "5"]
[EventCountry "GER"]
[Tiebreak "Buchholz+Sum of Buchholz"]

1. d4 g6 2. c4 Bg7 3. e4 e6 4. Nc3 Ne7 5. Be2 d5 6. exd5 exd5 7. c5 Nbc6 8. Nf3
Bg4 9. Be3 Nf5 10. Qd2 O-O 11. O-O Bxf3 12. Bxf3 Ncxd4 13. Bxd5 c6 14. Be4 Nxe3
15. Qxe3 Re8 16. Qd3 Ne6 17. Qc4 Qg5 18. b4 a5 19. a3 axb4 20. axb4 Rxa1 21.
Rxa1 Qd2 22. Bxc6 bxc6 23. Ne4 Qb2 24. Rd1 Rb8 25. Qa6 Nd4 0-1

[Event "XI. Solinger Karnevals-Open"]
[Site "Solingen"]
[Date "2020.02.22"]
[Round "2.2"]
[White "Grabowski, Pawel"]
[Black "Müller, Adrian"]
[Result "1-0"]
[WhiteElo "2305"]
[BlackElo "1953"]
[PlyCount "95"]
[EventDate "2020.02.21"]
[EventType "swiss"]
[EventRounds "5"]
[EventCountry "GER"]
[Tiebreak "Buchholz+Sum of Buchholz"]

1. d4 Nf6 2. Nf3 g6 3. Nbd2 d5 4. b3 Bg7 5. Bb2 O-O 6. e3 c6 7. Bd3 b6 8. Qe2
a5 9. O-O Nbd7 10. Rac1 a4 11. Rfd1 Bb7 12. c4 axb3 13. axb3 Ra2 14. Nb1 Ne4
15. Bxe4 dxe4 16. Ne5 Nxe5 17. dxe5 Qc7 18. Nc3 Raa8 19. e6 fxe6 20. Na4 c5 21.
Bxg7 Kxg7 22. Qb2+ Kg8 23. Rd2 Rad8 24. Rcd1 Bc6 25. Nc3 Rd6 26. Rxd6 exd6 27.
Qc2 Qe7 28. Nxe4 d5 29. Nc3 Qb7 30. f3 Rf7 31. e4 d4 32. Ne2 Qa6 33. Nc1 Ra7
34. Rd2 Qc8 35. Nd3 Ra1+ 36. Rd1 Ra3 37. Rb1 Qa8 38. Qd2 Qa7 39. Qf4 Ra1 40.
Rxa1 Qxa1+ 41. Kf2 Qa2+ 42. Kg3 Qxb3 43. Qb8+ Kg7 44. Qc7+ Kf8 45. Qd6+ Kg8 46.
Qd8+ Kg7 47. Qe7+ Kh6 48. Qf8+ 1-0

[Event "XI. Solinger Karnevals-Open"]
[Site "Solingen"]
[Date "2020.02.22"]
[Round "2.3"]
[White "Kushchan, Eduard"]
[Black "Marcziter, Dmitrii"]
[Result "1-0"]
[WhiteElo "1945"]
[BlackElo "2274"]
[PlyCount "83"]
[EventDate "2020.02.21"]
[EventType "swiss"]
[EventRounds "5"]
[EventCountry "GER"]
[Tiebreak "Buchholz+Sum of Buchholz"]

1. d4 Nf6 2. c4 g6 3. Nc3 Bg7 4. e4 d6 5. Be2 Na6 6. Bg5 O-O 7. Qd2 c5 8. d5
Re8 9. f4 Qa5 10. Nf3 e6 11. e5 dxe5 12. Bxf6 Bxf6 13. fxe5 Bg7 14. d6 Bd7 15.
O-O Bc6 16. Rae1 Nb8 17. Bd3 Nd7 18. Qf4 Rf8 19. Be4 f5 20. exf6 Rxf6 21. Qh4
Qb6 22. Bxc6 Qxc6 23. Ng5 Nf8 24. Rxf6 Bxf6 25. Nce4 Bd4+ 26. Kh1 Bg7 27. Rf1
h6 28. Nf7 Nh7 29. Qg3 Nf8 30. Qf3 Nd7 31. Nxh6+ Bxh6 32. Qf7+ Kh8 33. Qxg6 Rf8
34. Qxh6+ Kg8 35. Qg6+ Kh8 36. Rxf8+ Nxf8 37. Qf6+ Kg8 38. Qg5+ Kf7 39. Qe7+
Kg6 40. Qf6+ Kh7 41. Ng5+ Kg8 42. Qf7+ 1-0

[Event "XI. Solinger Karnevals-Open"]
[Site "Solingen"]
[Date "2020.02.22"]
[Round "2.4"]
[White "Huhndorf, Arnold"]
[Black "Speck, Stefan"]
[Result "1-0"]
[WhiteElo "2219"]
[BlackElo "1944"]
[PlyCount "81"]
[EventDate "2020.02.21"]
[EventType "swiss"]
[EventRounds "5"]
[EventCountry "GER"]
[Tiebreak "Buchholz+Sum of Buchholz"]

1. d4 e6 2. c4 Bb4+ 3. Bd2 a5 4. Nf3 Nf6 5. g3 b6 6. Bg2 Bb7 7. O-O O-O 8. Bf4
Be7 9. Nc3 d6 10. Qc2 Nbd7 11. e4 Re8 12. a3 Nf8 13. d5 e5 14. Be3 Qd7 15. b4
Ba6 16. Qb3 Ng6 17. Rfc1 h5 18. h4 Ng4 19. Bh3 f5 20. exf5 Qxf5 21. Nh2 Qd3 22.
Nxg4 hxg4 23. Bf1 Qf5 24. Bg2 Bf6 25. Ne4 Rad8 26. Bg5 Bxg5 27. Nxg5 Nf8 28.
Be4 Qf6 29. c5 bxc5 30. bxc5 Rb8 31. Qa2 Rb7 32. Rab1 Rxb1 33. Rxb1 Nd7 34. Ne6
Rc8 35. Rc1 Qh6 36. Ng5 Nf6 37. Bf5 Rb8 38. cxd6 cxd6 39. Rc7 Rd8 40. Be6+ Kf8
41. Nf7 1-0

[Event "XI. Solinger Karnevals-Open"]
[Site "Solingen"]
[Date "2020.02.22"]
[Round "2.5"]
[White "Moser, Axel"]
[Black "Hanke, Stefan"]
[Result "1-0"]
[WhiteElo "2137"]
[BlackElo "1929"]
[PlyCount "39"]
[EventDate "2020.02.21"]
[EventType "swiss"]
[EventRounds "5"]
[EventCountry "GER"]
[Tiebreak "Buchholz+Sum of Buchholz"]

1. d4 Nf6 2. c4 e6 3. Nc3 d5 4. Bg5 Be7 5. Nf3 c6 6. e3 Nbd7 7. Qc2 Nh5 8. h4
f6 9. g4 Ng3 10. fxg3 fxg5 11. O-O-O Rf8 12. Be2 dxc4 13. Qxh7 Nb6 14. Ne5 Bf6
15. Qg6+ Ke7 16. hxg5 Bxe5 17. dxe5 Qe8 18. Qxg7+ Rf7 19. Qh6 Nd7 20. g6 1-0

[Event "XI. Solinger Karnevals-Open"]
[Site "Solingen"]
[Date "2020.02.22"]
[Round "2.6"]
[White "Gramb, Marius"]
[Black "Martino-Groß, Peter"]
[Result "1-0"]
[WhiteElo "2125"]
[BlackElo "1923"]
[PlyCount "51"]
[EventDate "2020.02.21"]
[EventType "swiss"]
[EventRounds "5"]
[EventCountry "GER"]
[Tiebreak "Buchholz+Sum of Buchholz"]

1. e4 d5 2. exd5 Qxd5 3. Nc3 Qa5 4. d4 Nf6 5. Nf3 c6 6. Bc4 Bf5 7. Bd2 Qc7 8.
Ne5 e6 9. g4 Bg6 10. Qe2 Nbd7 11. O-O-O O-O-O 12. h4 Nxe5 13. dxe5 Nxg4 14.
Qxg4 Qxe5 15. Bf4 Rxd1+ 16. Rxd1 Qf5 17. Qxf5 Bxf5 18. Bd6 Bg4 19. Be2 Bxe2 20.
Nxe2 Bxd6 21. Rxd6 Kc7 22. Rd3 e5 23. Ng3 g6 24. Ne4 f5 25. Nc5 b6 26. Rd7+ 1-0

[Event "XI. Solinger Karnevals-Open"]
[Site "Solingen"]
[Date "2020.02.22"]
[Round "2.7"]
[White "Boschek, Hans-Joachim"]
[Black "Gallasch, Jonas"]
[Result "0-1"]
[WhiteElo "1938"]
[BlackElo "2076"]
[PlyCount "72"]
[EventDate "2020.02.21"]
[EventType "swiss"]
[EventRounds "5"]
[EventCountry "GER"]
[Tiebreak "Buchholz+Sum of Buchholz"]

1. c4 c5 2. g3 Nc6 3. Bg2 g6 4. Nc3 Bg7 5. Nf3 e6 6. O-O Nge7 7. d3 O-O 8. Bg5
h6 9. Bd2 d5 10. cxd5 exd5 11. Rc1 Be6 12. a3 Qd7 13. Re1 Rfd8 14. Qa4 a6 15.
Qc2 b5 16. Nd1 c4 17. dxc4 Bf5 18. Qb3 bxc4 19. Qa4 Qb7 20. Nc3 Be6 21. Nd1 Nc8
22. Qc2 Bf5 23. e4 Bxe4 24. Rxe4 dxe4 25. Qxe4 Nd6 26. Qh4 Qe7 27. Qh3 Nf5 28.
g4 Nfd4 29. Nc3 Nxf3+ 30. Bxf3 Rxd2 31. Bxc6 Rad8 32. Ne4 Rd1+ 33. Rxd1 Rxd1+
34. Kg2 Qe6 35. Bb7 Qb6 36. Qf3 Rd3 0-1

[Event "XI. Solinger Karnevals-Open"]
[Site "Solingen"]
[Date "2020.02.22"]
[Round "2.8"]
[White "Flesch, Stefan"]
[Black "Vranidis, Georgios"]
[Result "1-0"]
[WhiteElo "2046"]
[BlackElo "1914"]
[PlyCount "113"]
[EventDate "2020.02.21"]
[EventType "swiss"]
[EventRounds "5"]
[EventCountry "GER"]
[Tiebreak "Buchholz+Sum of Buchholz"]

1. d4 Nf6 2. c4 c5 3. d5 d6 4. Nc3 g6 5. e4 Bg7 6. Bd3 O-O 7. h3 Nbd7 8. Nf3 a6
9. a4 b6 10. O-O Bb7 11. Bg5 h6 12. Be3 Kh7 13. Qc2 Re8 14. Rfe1 e5 15. dxe6
Rxe6 16. Nd5 Ne5 17. Nxe5 dxe5 18. Red1 Rd6 19. a5 Bxd5 20. cxd5 Nd7 21. axb6
Rxb6 22. Ra2 Qc8 23. Rda1 Qb7 24. Bc4 Bf8 25. b3 Qb8 26. Rxa6 Raxa6 27. Rxa6
Rxa6 28. Bxa6 Qb4 29. Kh2 Nf6 30. f3 Ne8 31. Bd2 Qb6 32. Bc4 Nc7 33. Qc3 Bd6
34. Qa5 Qxa5 35. Bxa5 Kg7 36. Kg1 Kf6 37. Kf2 h5 38. Ke3 Kg5 39. g3 f5 40. h4+
Kf6 41. Bc3 Ne8 42. f4 Ng7 43. Kf3 Bc7 44. Bb5 Bd6 45. Bd7 Bc7 46. Bb5 Bd6 47.
Bf1 Bc7 48. Ke3 Ne8 49. Bg2 Bb8 50. Kd3 Bc7 51. exf5 Kxf5 52. Bh3+ Kf6 53. Bb2
Bb8 54. Kc4 Nd6+ 55. Kxc5 Ne4+ 56. Kc6 Nxg3 57. d6 1-0

[Event "XI. Solinger Karnevals-Open"]
[Site "Solingen"]
[Date "2020.02.22"]
[Round "2.9"]
[White "Gallasch, Robin"]
[Black "Reinhard, Ralf-Peter"]
[Result "1-0"]
[WhiteElo "2040"]
[BlackElo "1899"]
[PlyCount "81"]
[EventDate "2020.02.21"]
[EventType "swiss"]
[EventRounds "5"]
[EventCountry "GER"]
[Tiebreak "Buchholz+Sum of Buchholz"]

1. d4 Nf6 2. c4 e6 3. Nf3 d5 4. Nc3 Be7 5. cxd5 exd5 6. Bg5 c6 7. Qc2 O-O 8. e3
Re8 9. Bd3 Nbd7 10. O-O Nf8 11. h3 g6 12. Rab1 Ne6 13. Bh4 Ng7 14. b4 Bf5 15.
b5 Bxd3 16. Qxd3 Ne4 17. Nxe4 dxe4 18. Qxe4 f5 19. Bxe7 fxe4 20. Bxd8 Raxd8 21.
Nh2 c5 22. dxc5 Rc8 23. Rfc1 Re5 24. c6 bxc6 25. bxc6 Re6 26. c7 Re7 27. Rb8
Ree8 28. Rb7 a6 29. Nf1 Re7 30. Rb8 Ree8 31. Rxc8 Rxc8 32. Nd2 Ne8 33. Nxe4
Rxc7 34. Nf6+ Kf7 35. Rxc7+ Nxc7 36. Nxh7 Ke6 37. h4 Nb5 38. Ng5+ Kd5 39. g4
Nd6 40. Kf1 Ne8 41. Ke2 1-0

[Event "XI. Solinger Karnevals-Open"]
[Site "Solingen"]
[Date "2020.02.22"]
[Round "2.10"]
[White "Höfer, Severin Paul"]
[Black "Philippe, Denis-Emmanuel"]
[Result "0-1"]
[WhiteElo "1929"]
[BlackElo "2026"]
[PlyCount "59"]
[EventDate "2020.02.21"]
[EventType "swiss"]
[EventRounds "5"]
[EventCountry "GER"]
[Tiebreak "Buchholz+Sum of Buchholz"]

1. e4 c6 2. d4 d5 3. exd5 cxd5 4. c4 Nf6 5. Nc3 Nc6 6. Nf3 Bg4 7. cxd5 Nxd5 8.
Qb3 Bxf3 9. gxf3 e6 10. Qxb7 Nxd4 11. Bb5+ Nxb5 12. Qc6+ Ke7 13. Qc5+ Qd6 14.
Nxd5+ exd5 15. Qxb5 Rb8 16. Qa5 Qb4+ 17. Qxb4+ Rxb4 18. b3 Ke6 19. Rg1 Rh4 20.
Ke2 Bd6 21. Bb2 Rc8 22. Kd3 g6 23. Bd4 Rxh2 24. Rh1 Rxh1 25. Rxh1 h5 26. Bxa7
Ra8 27. Bd4 Rxa2 28. Kc3 Kf5 29. b4 Ra3+ 30. Kb2 0-1

[Event "XI. Solinger Karnevals-Open"]
[Site "Solingen"]
[Date "2020.02.22"]
[Round "2.11"]
[White "Paulus, Jeffrey"]
[Black "Engels, Stefan"]
[Result "1-0"]
[WhiteElo "1904"]
[BlackElo "2017"]
[PlyCount "119"]
[EventDate "2020.02.21"]
[EventType "swiss"]
[EventRounds "5"]
[EventCountry "GER"]
[Tiebreak "Buchholz+Sum of Buchholz"]

1. d4 Nf6 2. c4 c5 3. d5 b5 4. Qc2 bxc4 5. e4 e6 6. dxe6 fxe6 7. Bg5 Be7 8. e5
Nd5 9. Bxe7 Qxe7 10. Nf3 Bb7 11. Nbd2 Nb6 12. h4 Nc6 13. Ne4 Nb4 14. Qb1 Bxe4
15. Qxe4 N4d5 16. Ng5 h6 17. Qg6+ Kf8 18. Ne4 Qf7 19. Qxf7+ Kxf7 20. Rh3 Ke7
21. Rg3 Rhg8 22. Rc1 Raf8 23. Nd6 Rf4 24. Bxc4 Rxh4 25. Bxd5 Rh1+ 26. Kd2 Rxc1
27. Kxc1 Nxd5 28. Ra3 Nb4 29. Kd2 Nc6 30. f4 g5 31. Rg3 Rf8 32. fxg5 Nxe5 33.
Ne4 hxg5 34. Rxg5 d6 35. Rh5 Nc4+ 36. Kc3 Ne3 37. Rh7+ Rf7 38. Rxf7+ Kxf7 39.
Nxd6+ Ke7 40. Nc8+ Kd7 41. Nxa7 Nxg2 42. Kc4 Kd6 43. a4 Ne3+ 44. Kb5 Nd5 45. a5
Nc7+ 46. Kb6 Nd5+ 47. Kb7 Nb4 48. Nc8+ Kd5 49. Ne7+ Kd6 50. Nc8+ Kd5 51. Kb6 e5
52. Ne7+ Kd6 53. Nf5+ Kd5 54. Ne3+ Kd6 55. a6 Nxa6 56. Kxa6 Kc6 57. Ka5 e4 58.
b3 Kc7 59. Kb5 Kd6 60. Kb6 1-0

[Event "XI. Solinger Karnevals-Open"]
[Site "Solingen"]
[Date "2020.02.22"]
[Round "2.12"]
[White "Müdder, Melanie"]
[Black "Sondermann, Dirk"]
[Result "1-0"]
[WhiteElo "2011"]
[BlackElo "1883"]
[PlyCount "97"]
[EventDate "2020.02.21"]
[EventType "swiss"]
[EventRounds "5"]
[EventCountry "GER"]
[Tiebreak "Buchholz+Sum of Buchholz"]

1. e4 e6 2. d4 d5 3. Bd3 Nc6 4. c3 e5 5. Nf3 exd4 6. O-O Nge7 7. Re1 Bg4 8.
exd5 Qxd5 9. Be4 Qd7 10. Qb3 Bxf3 11. Bxf3 O-O-O 12. Qxf7 h6 13. h3 Kb8 14. Qb3
Nd5 15. Bg4 Qd6 16. Nd2 Na5 17. Qa4 dxc3 18. bxc3 Nc6 19. Ne4 Qg6 20. Bd2 Nb6
21. Qb5 Rd5 22. Qe2 Ba3 23. Bf4 Rdd8 24. Bh5 Qf5 25. Bg3 Nd5 26. Rab1 Nb6 27.
Rb5 Qd7 28. Rb3 Bf8 29. Rbb1 Qd3 30. Qb2 Qa6 31. Be2 Qa3 32. Qc2 Qa4 33. Qb3
Qa5 34. Bb5 Ne7 35. Red1 Rxd1+ 36. Qxd1 Nec8 37. Qd8 Bd6 38. Qxh8 Bxg3 39. Nxg3
Qxa2 40. Rb4 Qa1+ 41. Kh2 Qxc3 42. Re4 a6 43. Be2 Ka7 44. Qd8 Nd6 45. Rf4 Nd5
46. Rf8 Qe5 47. Bf3 a5 48. Bxd5 Qxd5 49. Qxc7 1-0

[Event "XI. Solinger Karnevals-Open"]
[Site "Solingen"]
[Date "2020.02.22"]
[Round "2.13"]
[White "Altok, Mesut"]
[Black "Müdder, Rafael"]
[Result "1/2-1/2"]
[WhiteElo "1885"]
[BlackElo "1998"]
[PlyCount "59"]
[EventDate "2020.02.21"]
[EventType "swiss"]
[EventRounds "5"]
[EventCountry "GER"]
[Tiebreak "Buchholz+Sum of Buchholz"]

1. d4 Nf6 2. Nf3 g6 3. c4 Bg7 4. Nc3 d5 5. Bf4 O-O 6. Rc1 c6 7. e3 Bg4 8. h3
Bxf3 9. Qxf3 Qb6 10. Rc2 Na6 11. c5 Qa5 12. Bxa6 Qxa6 13. Qe2 Qa5 14. Be5 Ne4
15. Bxg7 Kxg7 16. O-O f5 17. Rb1 Qc7 18. b4 a6 19. a4 e5 20. f3 Nxc3 21. Rxc3
exd4 22. exd4 Kf7 23. Re3 Rae8 24. Re1 Rxe3 25. Qxe3 Qd7 26. Qf4 Re8 27. Re5
Rxe5 28. Qxe5 Qd8 29. a5 Qe7 30. Qxe7+ 1/2-1/2

[Event "XI. Solinger Karnevals-Open"]
[Site "Solingen"]
[Date "2020.02.22"]
[Round "2.14"]
[White "Pauls, Wilhelm"]
[Black "Riyadh, Ghassan"]
[Result "1/2-1/2"]
[WhiteElo "1992"]
[BlackElo "1846"]
[PlyCount "107"]
[EventDate "2020.02.21"]
[EventType "swiss"]
[EventRounds "5"]
[EventCountry "GER"]
[Tiebreak "Buchholz+Sum of Buchholz"]

1. e4 c5 2. Nf3 g6 3. d4 cxd4 4. Nxd4 Nc6 5. Nc3 Bg7 6. Nxc6 Bxc3+ 7. bxc3 dxc6
8. Qd4 Nf6 9. e5 Nd5 10. e6 f6 11. Bh6 Bxe6 12. Be2 Qa5 13. O-O Qxc3 14. Qh4
Qb4 15. c4 Nc3 16. Bf3 Qxc4 17. Qxc4 Bxc4 18. Rfc1 Ne2+ 19. Bxe2 Bxe2 20. Re1
Ba6 21. Bg7 Kf7 22. Bxh8 Rxh8 23. Rad1 Re8 24. Rd7 h5 25. f4 c5 26. Rc7 c4 27.
a4 f5 28. Rd1 Ke6 29. Kf2 h4 30. Ke3 h3 31. g3 Kf6 32. Rdd7 Ke6 33. Kd4 b5 34.
axb5 Bxb5 35. Rd5 a6 36. Kc5 Kf6 37. Kd4 Rb8 38. Rcc5 Rb6 39. Rc8 Re6 40. Rf8+
Kg7 41. Rdd8 Re2 42. Rg8+ Kf7 43. Rdf8+ Ke6 44. Rxg6+ Kd7 45. Rxf5 Rxh2 46.
Rd5+ Ke8 47. Rh5 Rd2+ 48. Kc3 Rd3+ 49. Kb2 Kf7 50. Rgg5 Bd7 51. Rh7+ Kf8 52.
Rh8+ Kf7 53. Rh7+ Kf8 54. Rh8+ 1/2-1/2